000 00638nas a22002057a 4500
003 IIN
005 20260519164304.0
008 260519c2019 |||gr|j| |||| 00| 0 eng d
022 _a2663-225X
022 _a2663-2268 (E-ISSN)
040 _aIIN
245 _aInternational Journal of Advance Research in Medical Surgical Nursing
_cedited by Ismail Molla
260 _aDelhi
_bComprehensive Publications
_c2019 -
300 _aVol. 1, No. 1
310 _aBi-annual
_bJanuary, July
650 _aMedical Surgical
_vResearch
_xNursing
700 _aMolla, Ismail (ed)
856 _uhttps://doi.org/10.33545/surgicalnursing
942 _cSER
_s1
999 _c1898
_d1898